000
00283nam a2200109Ia 4500
008
190216s9999||||xx |||||||||||||| ||und||
100
_a
Robert N Antony & James S Reece
245
0
_a
Management Accounting
260
_b
Db.Taraporevala Sons &co
_c
1977
300
_a
830p
942
_c
BK
999
_c
4060
_d
4060